000 00609nam a22002057a 4500
003 UA-OsUOA
001 25546
007 ta
008 20040414b un ||||| |||| 00| 0 ukr d
100 _aБлудова Т. В.
700 _aБрикова І. В.
700 _aРевуцька Т. В.
942 _cSA
040 _aUA-OsUOA
_cUA-OsUOA
_dUA-OsUOA
245 _aУдосконалення ціноутворення на вантажні перевезення
300 _aС.48-51
955 _a0
773 0 _w0
_tФінанси України
_dКиїв
_d2004
_g№4
650 7 _aУкраїна
_2UDC
999 _c311844
_d311844